000 00677nam a2200181 a 4500
020 _a9251054088
040 _cFUG
082 _a372 FOO 2005 A073 Or.
245 0 0 _aSetting up and running a school garden :
_ba manual for teachers, parents and communities /
260 _aRome :
_bFood and Agriculture Organization of the United Nations,
_c2005
300 _ax, 198 p. :
_bill. (some col.) ;
_c30 cm
500 _a"Promoting lifelong healthy eating habits"--Cover
650 0 _aSchool gardens
650 0 _aNutrition
710 2 _aFood and Agriculture Organization of the United Nations.
710 2 _aFood and Agriculture Organization of the United Nations.
942 _cEK
999 _c15058
_d15058